000 010060000a22002530004500
003 EG-GICUC
005 20250223030132.0
008 091111s1970 ua f m 000 0 ara d
040 _aEG-GiCUC
_bara
_cEG-GiCUC
041 0 _aara
049 _aايداع
097 _aماجستير
099 _aCai01.06.07.M.Sc.1970.اح.ا
100 0 _aاحمد محمود الهرميل
245 1 2 _aالاساليب المعاصرة فى ضوء النحو والصرف /
_cاحمد محمود الهرميل ؛ اشراف عبدالسلام هارون
260 _aالقاهرة :
_bاحمد محمود الهرميل :
_c1970
300 _a311ورقة ؛
_c30سم
502 _aاطروحة(ماجستير) - جامعة القاهرة - كلية دار العلوم - قسم النحو والصرف والعروض
700 0 _aعبدالسلام هارون :
_eمشرف
856 _uhttp://172.23.153.220/th.pdf
905 _aEnas
_eCataloger
905 _aMustafa
_eRevisor
942 _2ddc
_cTH
999 _c28287
_d28287